00714nam a2200193Ia 4500001000900000003000500009008004100014010001100055040000900066100002600075245019200101260006600293300001000359410003300369650002200402700000500424700003300429710005800462Para_122CHAP220125s1990 xx 000 0 und d a204455 cCHAP aNava Camberos, Urbano aCuadro basico de insecticidas para el manejo integrado de plagas del algodonero en la Comarca Lagunera. Ciclo Primavera-Verano 1990 /c por Urbano Nava Camberos y Keir Fco. Byerly Murphy aMatamoros, Coah. :b INIFAP. Campo Experimental de la Laguna a11 p. aFolleto para productores; 14 aAlgodónxPlagas a aI. Byerly Murphy, Keir Fco.  aII. INIFAP. México. Campo Experimental de la Laguna